000 00379nam a2200157Ia 4500
008 210210b2005 xxu||||| |||| 00| 0 eng d
020 _a81 272 1960 6
082 _a620.8 SINB
100 _aSINGH (B D).
245 _aBiotechnology.
260 _aND
_bKalyani Publishers
_c2005
300 _axlii,649
650 _aBiotechnology
690 _aBiotechnology
906 _a060344
999 _c107279
_d107279